الغذاء / (رقم التسجيلة. 114935)

تفاصيل مارك
000 -LEADER
fixed length control field 00575nam a22002057a 4500
005 - DATE AND TIME OF LATEST TRANSACTION
control field 20251108174652.0
008 - FIXED-LENGTH DATA ELEMENTS--GENERAL INFORMATION
fixed length control field 250721s9999 xx 000 0 ara d
020 ## - INTERNATIONAL STANDARD BOOK NUMBER
International Standard Book Number 9628684396
082 14 - DEWEY DECIMAL CLASSIFICATION NUMBER
Classification number ط/641/حطا
100 1# - MAIN ENTRY--PERSONAL NAME
Personal name حطاب، لمية عبد اللطيف
Relator term مؤلف
245 10 - TITLE STATEMENT
Title الغذاء /
264 1# - PRODUCTION, PUBLICATION, DISTRIBUTION, MANUFACTURE, AND COPYRIGHT NOTICE
Place of production, publication, distribution, manufacture ب.م :
Name of producer, publisher, distributor, manufacturer publishing house limited،
Date of production, publication, distribution, manufacture, or copyright notice [200-].
300 ## - PHYSICAL DESCRIPTION
Extent 48 ص.
490 0# - SERIES STATEMENT
Series statement 123
650 17 - SUBJECT ADDED ENTRY--TOPICAL TERM
Topical term or geographic name as entry element الاغذيه
650 17 - SUBJECT ADDED ENTRY--TOPICAL TERM
Topical term or geographic name as entry element الصحه
653 ## - INDEX TERM--UNCONTROLLED
Uncontrolled term اطفال مرحله متوسطه ( 6 - 9 سنوات )
942 ## - ADDED ENTRY ELEMENTS (KOHA)
Source of classification or shelving scheme Dewey Decimal Classification
Koha item type كتب
المقتنيات
حالة السحب حالة الفقدان مصدر التصنيف حالة التلف غير قابل للإعارة المكتبة الرئيسية المكتبة الحالية موقع الرف تاريخ التزويد الرقم المتسلسل Total Checkouts رقم الإستدعاء الباركود تاريخ آخر ظهور تاريخ الفاتورة نوع المادة (كوها)
    Dewey Decimal Classification     المكتبة المركزية المكتبة المركزية مقتنيات قسم التزويد 28/07/2025 1359043   ط/641/حطا   28/07/2025 28/07/2025 كتب
    Dewey Decimal Classification     مكتبة الراية الهاشمية للأطفال مكتبة الراية الهاشمية للأطفال الأطفال 18/02/2015 1592810   ط/641/حطا PLD00316799 28/07/2025 18/02/2015 كتب
    Dewey Decimal Classification     مكتبة ومركز فرح مكتبة ومركز فرح الأطفال 12/05/2009 1286894   ط/641/حطا PLD00088786 28/07/2025 12/05/2009 كتب
Implemented & Customized by: BBB with SCIT (Smart Chains for Information Technology)

Powered by Koha